Flirt

Bibliographic Details
Main Author: Velikanič, Lia (Author)
Format: Book
Language:Slovak
PhysicalDescription:286 strán 19 cm
Published: Košice Meridiano-press, s.r.o. 2023
ISBN:9788082141378
Edition:1. vydanie
Series:Moderné romány
Subjects:

MARC

LEADER 00000cam a2200000 4500
001 vtls012238504
003 SK-MaSNL
005 20260301014434.0
008 230905s2023 xo e 000 f slo
015 |a SNBA2023/09 
020 |a 9788082141378  |q (brožované) 
040 |a SNK  |b slo  |c SNK  |e rda 
041 0 |a slo 
044 |a xo  |c SK 
072 7 |a 821.162.4-3  |x Slovenská próza  |2 konspekt 
080 |a 821.162.4-31  |2 2011 
100 1 |a Velikanič, Lia  |4 aut  |9 302728 
245 1 0 |a Flirt  |c Lia Velikanič 
250 |a 1. vydanie 
264 1 |a Košice  |b Meridiano-press, s.r.o.  |c 2023 
300 |a 286 strán  |c 19 cm 
336 |a text  |b txt  |2 rdacontent 
337 |a bez média  |b n  |2 rdamedia 
338 |a zväzok  |b nc  |2 rdacarrier 
490 1 |a Moderné romány 
500 |a Obsahuje stručné biografické údaje o autorke na zadnej strane obálky publikácie 
655 7 |a slovenské romány  |2 SNKPH  |9 70324 
655 7 |a Slovak fiction  |2 SNKPHeng  |9 277096 
830 0 |a Moderné romány  |9 302729 
852 |a Slovenská národná knižnica 
919 |a 978-80-8214-137-8 
954 |a beletria pôvodná (slovenská)  |2 lita 
958 |a LX 
999 |c 558573  |d 560503 
952 |a SNK  |b SNK  |y PREZ  |7 0  |p 17A1534530  |o snkSD 91831  |i snk2023/12851  |8 0  |0 0  |1 0  |4 0  |d 2023-09-05  |f 1  |l 0  |r 2026-02-23 13:33:10  |w 2026-02-23 
952 |a SNK  |b SNK  |y PREZ  |7 0  |p 17A1534531  |o snkSD 91831 D1  |i snk2023/12852  |8 0  |0 0  |1 0  |4 0  |d 2023-09-05  |l 0  |r 2026-02-23 13:33:10  |w 2026-02-23